000 00472nam a2200145 a 4500
008 120416s1968 ||||||||||||||||| || u
050 _aHG 4026 Pai
100 _aPaish, F. W
245 1 0 _aBusiness finance
250 _a4th ed.
260 _aLondon
_bPitmans
_c1968
300 _avii, 167p. : ill.
350 _a0.00
995 _D0.00
_FCBU-MAIN LIBRARY (Kitwe)
_H1
_I5.00
_UAVAILABLE
_ZAnnex Low-Usage Collection
999 _c36448
_d36448